000 00366nam a2200133Ia 4500
003 GCL
008 140319s9999 xx 000 0 ara d
040 _aGCL /
_cGCL
082 0 4 _a810.4
_bع و
245 1 0 _aالوسطية العربية مذهب وتطبيق
260 _a[S.N] :
_bدار المعارف ،
_c1986
300 _aمتعدد الترقيم
490 _a
999 _c28750
_d28750